[Event "TUR-chT 1st League"]
[Site "Ankara"]
[Date "2025.07.19"]
[Round "8.60"]
[White "Maras, Huseyin Kayra"]
[Black "Akhmedinov, Satbek"]
[Result "0-1"]
[WhiteElo "1878"]
[BlackElo "2365"]
[PlyCount "90"]
[EventDate "2025.07.14"]
[EventType "team-swiss"]
[EventRounds "9"]
[EventCountry "TUR"]
[SourceTitle "CB30_2025"]
[SourceDate "2025.07.23"]
[SourceVersion "1"]
[SourceVersionDate "2025.07.23"]
[SourceQuality "1"]
[WhiteTeam "Karaman Futbol"]
[BlackTeam "Mercan Sanat"]
[WhiteTeamCountry "TUR"]
[BlackTeamCountry "TUR"]

1. e4 g6 2. d4 Bg7 3. Nf3 d6 4. Bd3 Nf6 5. c3 0-0 6. 0-0 Nc6 7. h3 e5 8. Re1 Nh5 9. Be3 Qe7 10. Nbd2 Bd7 11. a4 exd4 12. cxd4 Nb4 13. Bf1 Nf6 14. Bg5 h6 15. Bh4 g5 16. Bg3 Nh5 17. Bh2 g4 18. hxg4 Bxg4 19. Qb3 a5 20. Rac1 Kh8 21. d5 f5 22. exf5 Qd8 23. Rc4 Bxf3 24. Qxf3 Nf6 25. Qh3 Nfxd5 26. Re6 Qg5 27. Rg4 Qxf5 28. Reg6 Qxf2+ 29. Kh1 Qxd2 30. Bf4 Qxf4 31. Rxf4 Nxf4 32. Rxh6+ Bxh6 33. Qxh6+ Kg8 34. g3 Rf7 35. Kg1 Nbd5 36. gxf4 Nxf4 37. Kf2 Re8 38. Qg5+ Kh7 39. Qh4+ Kg7 40. Qg5+ Ng6+ 41. Kg2 Re5 42. Qg4 Rff5 43. Qc4 Nf4+ 44. Kg3 Nd5 45. Kh2 Rf4 0-1

[Event "TUR-chT 1st League"]
[Site "Ankara"]
[Date "2025.07.16"]
[Round "4.24"]
[White "Kolat, Ata"]
[Black "Maras, Huseyin Kayra"]
[Result "0-1"]
[WhiteElo "2015"]
[BlackElo "1878"]
[PlyCount "72"]
[EventDate "2025.07.14"]
[EventType "team-swiss"]
[EventRounds "9"]
[EventCountry "TUR"]
[SourceTitle "CB30_2025"]
[SourceDate "2025.07.23"]
[SourceVersion "1"]
[SourceVersionDate "2025.07.23"]
[SourceQuality "1"]
[WhiteTeam "Guzelbahce Satranc"]
[BlackTeam "Karaman Futbol"]
[WhiteTeamCountry "TUR"]
[BlackTeamCountry "TUR"]

1. e4 c5 2. c3 d5 3. exd5 Qxd5 4. d4 g6 5. Nf3 Bg7 6. Nbd2 cxd4 7. Bc4 Qd8 8. Nxd4 Nf6 9. 0-0 0-0 10. Re1 a6 11. a4 Qc7 12. Qb3 e5 13. N4f3 Nc6 14. Qa2 h6 15. a5 Kh7 16. h3 Nh5 17. Nf1 f5 18. Be3 e4 19. Bb6 Qe7 20. Rad1 Nf4 21. N3h2 Qg5 22. Ng3 Ne5 23. Be3 Nxh3+ 24. gxh3 f4 25. Be6 fxe3 26. Rxe3 Qf6 27. Nxe4 Qxe6 28. Qxe6 Bxe6 29. Nc5 Bc8 30. b3 Rf5 31. b4 Rg5+ 32. Kh1 Rf5 33. Kg2 Rf8 34. Rd5 Nc6 35. Nf3 Rf5 36. Rd6 Bf8 0-1

[Event "TUR-chT 1st League"]
[Site "Ankara"]
[Date "2025.07.16"]
[Round "3.24"]
[White "Maras, Huseyin Kayra"]
[Black "Ozcan, Ilker"]
[Result "1/2-1/2"]
[WhiteElo "1878"]
[BlackElo "2082"]
[PlyCount "122"]
[EventDate "2025.07.14"]
[EventType "team-swiss"]
[EventRounds "9"]
[EventCountry "TUR"]
[SourceTitle "CB30_2025"]
[SourceDate "2025.07.23"]
[SourceVersion "1"]
[SourceVersionDate "2025.07.23"]
[SourceQuality "1"]
[WhiteTeam "Karaman Futbol"]
[BlackTeam "Resul Caner Satranc"]
[WhiteTeamCountry "TUR"]
[BlackTeamCountry "TUR"]

1. e4 c5 2. Nf3 Nc6 3. d4 cxd4 4. Nxd4 Qb6 5. Nb3 Nf6 6. Nc3 e6 7. Be3 Qc7 8. a3 a6 9. f4 d6 10. g4 b5 11. g5 Nd7 12. Qd2 Bb7 13. 0-0-0 Nc5 14. Nxc5 dxc5 15. Qf2 Be7 16. Kb1 0-0 17. f5 b4 18. Na4 exf5 19. exf5 Ne5 20. Rg1 Rfd8 21. Rxd8+ Rxd8 22. Be2 bxa3 23. b3 Rc8 24. Bf4 Bd6 25. c4 Bc6 26. Nc3 Rb8 27. Ka2 Qb7 28. Rb1 Be4 29. Nxe4 Qxe4 30. Rc1 Nd3 31. Bxd3 Qxd3 32. Qe3 Rxb3 33. Qxd3 Rxd3 34. Bxd6 Rxd6 35. Kxa3 h6 36. Rb1 hxg5 37. Rb8+ Kh7 38. Rc8 Rh6 39. Rxc5 Rxh2 40. Rd5 g4 41. Rd4 g3 42. Rg4 Rh5 43. f6 g5 44. c5 Kg6 45. c6 Rh8 46. Kb4 Kxf6 47. Kc5 Kf5 48. Rxg3 g4 49. Kd6 Kf4 50. Rg1 f5 51. Rf1+ Kg5 52. c7 g3 53. Rb1 Rc8 54. Rb8 Rxc7 55. Kxc7 Kg4 56. Kd6 f4 57. Ke5 g2 58. Rg8+ Kf3 59. Rxg2 Kxg2 60. Kxf4 Kf2 61. Ke4 a5 1/2-1/2

[Event "TUR-chT 1st League"]
[Site "Ankara"]
[Date "2025.07.14"]
[Round "1.18"]
[White "Maras, Huseyin Kayra"]
[Black "Caputcuoglu, Zeki Berke"]
[Result "1/2-1/2"]
[WhiteElo "1878"]
[BlackElo "2242"]
[PlyCount "85"]
[EventDate "2025.07.14"]
[EventType "team-swiss"]
[EventRounds "9"]
[EventCountry "TUR"]
[SourceTitle "CB30_2025"]
[SourceDate "2025.07.23"]
[SourceVersion "1"]
[SourceVersionDate "2025.07.23"]
[SourceQuality "1"]
[WhiteTeam "Karaman Futbol"]
[BlackTeam "Goztepe"]
[WhiteTeamCountry "TUR"]
[BlackTeamCountry "TUR"]

1. d4 Nf6 2. c4 g6 3. Nf3 Bg7 4. g3 b6 5. Bg2 Bb7 6. 0-0 0-0 7. Nc3 Ne4 8. Nxe4 Bxe4 9. Bd2 c5 10. Bc3 Nc6 11. e3 cxd4 12. Nxd4 Bxg2 13. Kxg2 Qc8 14. b3 h5 15. f4 Nxd4 16. Bxd4 Qc6+ 17. Qf3 Rac8 18. Bxg7 Qxf3+ 19. Kxf3 Kxg7 20. Rfd1 d6 21. Rd5 Rc5 22. Rad1 Rfc8 23. h3 a6 24. a4 Kf6 25. Ke4 Ke6 26. R1d4 Kd7 27. Kd3 a5 28. e4 Ke6 29. Ke3 f6 30. f5+ Kf7 31. fxg6+ Kxg6 32. Rd3 Rg8 33. Kf4 Kh6 34. Rf5 Rg5 35. h4 Rg4+ 36. Kf3 Rg8 37. Rdd5 Rxd5 38. Rxd5 Rc8 39. Rb5 Rc6 40. g4 hxg4+ 41. Kxg4 e6 42. h5 Kg7 43. Kf4 1/2-1/2

[Event "Malatya Golden Apricot op 7th"]
[Site "Malatya"]
[Date "2024.08.29"]
[Round "6"]
[White "Maras, Huseyin Kayra"]
[Black "Orak, Yunus"]
[Result "0-1"]
[WhiteElo "1860"]
[BlackElo "1779"]
[PlyCount "110"]
[EventDate "2024.08.26"]
[EventType "swiss"]
[EventRounds "9"]
[EventCountry "TUR"]
[SourceTitle "EXT 2025"]
[Source "ChessBase"]
[SourceDate "2024.10.14"]
[SourceVersion "1"]
[SourceVersionDate "2024.10.14"]
[SourceQuality "1"]

1. Nf3 Nf6 2. c4 g6 3. Nc3 Bg7 4. g3 0-0 5. Bg2 d6 6. d4 c6 7. e4 Qa5 8. 0-0 Bg4 9. h3 Bxf3 10. Bxf3 e5 11. Be3 Nbd7 12. d5 c5 13. Be2 Ne8 14. g4 Qd8 15. Bd3 Qh4 16. Qf3 Bh6 17. Bxh6 Qxh6 18. Qe3 Qxe3 19. fxe3 a6 20. g5 f6 21. h4 Ng7 22. Ne2 fxg5 23. hxg5 Rxf1+ 24. Kxf1 Nh5 25. Kg2 Kg7 26. Rh1 h6 27. gxh6+ Kxh6 28. Ng3 Kg5 29. Nxh5 gxh5 30. Be2 Nf6 31. Rf1 Rh8 32. Kh3 Rh7 33. Rf5+ Kg6 34. Kh4 Nxe4 35. Rf8 Nf6 36. Rd8 Kf5 37. Rxd6 Rg7 38. Kh3 Rg1 39. Bf3 e4 40. Bg2 Re1 41. Rb6 Rxe3+ 42. Kh4 Rd3 43. Bh3+ Kg6 44. Rxb7 e3 45. Re7 Rd4+ 46. Kg3 Re4 47. Rxe4 Nxe4+ 48. Kf3 Ng5+ 49. Kxe3 Nxh3 50. b4 cxb4 51. Kd4 Kf6 52. Kc5 Ke7 53. Kc6 Kd8 54. c5 Nf4 55. d6 Ne6 0-1

[Event "TUR Cup"]
[Site "Denizli"]
[Date "2024.08.02"]
[Round "5"]
[White "Var, Sefa"]
[Black "Maras, Huseyin Kayra"]
[Result "1-0"]
[WhiteElo "1841"]
[BlackElo "1860"]
[PlyCount "75"]
[EventDate "2024.07.30"]
[EventType "swiss"]
[EventRounds "11"]
[EventCountry "TUR"]
[SourceTitle "EXT 2025"]
[Source "ChessBase"]
[SourceDate "2024.10.14"]
[SourceVersion "1"]
[SourceVersionDate "2024.10.14"]
[SourceQuality "1"]

1. e4 e5 2. Nf3 Nc6 3. Bb5 a6 4. Ba4 Nf6 5. 0-0 Be7 6. Re1 b5 7. Bb3 0-0 8. h3 Bb7 9. d3 d6 10. c3 Na5 11. Bc2 c5 12. Nbd2 Re8 13. Nf1 Bf8 14. Ng3 g6 15. d4 cxd4 16. cxd4 exd4 17. Nxd4 Bg7 18. Bf4 Qb6 19. Nf3 Rad8 20. b3 d5 21. e5 Ne4 22. Qd4 Qxd4 23. Nxd4 g5 24. Nxe4 dxe4 25. Bd2 Rxd4 26. Bxa5 Rc8 27. Bb6 Bxe5 28. Bxd4 Bxd4 29. Rad1 Bxf2+ 30. Kxf2 Rxc2+ 31. Ke3 Bc6 32. Rc1 Rxc1 33. Rxc1 Bd7 34. Rc7 Bf5 35. Rc5 Bg6 36. Rxg5 Kg7 37. Rc5 Kf6 38. Kf4 1-0